[Event "FRA-ch U16 Girls"]
[Site "Aix les Bains"]
[Date "2009.04.21"]
[Round "4"]
[White "Lenoel, Marine"]
[Black "Bertin, Cecile"]
[Result "1-0"]
[WhiteElo "1687"]
[BlackElo "1510"]
[PlyCount "85"]
[EventDate "2009.04.19"]
[EventType "swiss"]
[EventRounds "9"]
[EventCountry "FRA"]
[SourceTitle "CBM 130 Extra"]
[Source "ChessBase"]
[SourceDate "2009.07.02"]
[SourceVersion "2"]
[SourceVersionDate "2009.07.15"]
[SourceQuality "1"]

1. e4 c5 2. Nc3 Nc6 3. g3 e6 4. Bg2 Nf6 5. d3 d5 6. f4 Qe7 7. Nf3 d4 8. Ne2 e5 9. 0-0 Ng4 10. fxe5 Ncxe5 11. Bf4 Ng6 12. Bd2 Bd7 13. Nf4 Qd6 14. Qe2 0-0-0 15. Nd5 Re8 16. Qd1 h5 17. Ng5 Be6 18. Nxf7 Bxf7 19. Rxf7 Ne7 20. Nxe7+ Rxe7 21. Rxe7 Bxe7 22. Bf4 Qf6 23. Bh3 Qg6 24. Qd2 Qb6 25. c3 dxc3 26. bxc3 c4+ 27. d4 Kd8 28. Bxg4 hxg4 29. Qe2 Qc6 30. d5 Bc5+ 31. Kh1 Qa4 32. e5 Qa3 33. Rc1 b5 34. d6 Re8 35. Bg5+ Kd7 36. Qxg4+ Re6 37. Qe4 Qa6 38. Rf1 Rxe5 39. Rf7+ Kxd6 40. Be7+ Rxe7 41. Qxe7+ Kc6 42. Qd7+ Kb6 43. Qc7# 1-0

[Event "FRA-ch U14 Girls"]
[Site "Le Grand Bornand"]
[Date "2007.04.??"]
[Round "5"]
[White "Alonso, Audrey"]
[Black "Bertin, Cecile"]
[Result "1-0"]
[WhiteElo "1770"]
[BlackElo "1590"]
[PlyCount "73"]
[EventDate "2007.04.07"]
[EventType "swiss"]
[EventRounds "9"]
[EventCountry "FRA"]
[SourceTitle "CBM 118 Extra"]
[Source "ChessBase"]
[SourceDate "2007.07.04"]
[SourceVersion "1"]
[SourceVersionDate "2007.07.04"]
[SourceQuality "1"]

1. e4 c5 2. c4 Nc6 3. g3 Nf6 4. Bg2 e5 5. Nc3 d6 6. Nge2 Bg4 7. 0-0 Bxe2 8. Nxe2 Qd7 9. d3 Be7 10. f4 h5 11. h3 h4 12. g4 Nxg4 13. hxg4 Qxg4 14. Nc3 Qg3 15. Qf3 Qxf3 16. Bxf3 Nd4 17. Nd5 exf4 18. Nc7+ Kd7 19. Nxa8 g5 20. Bg4+ Kc6 21. Bd2 Rxa8 22. b4 cxb4 23. Bxb4 Nc2 24. Rab1 Ne3 25. Bf3 g4 26. e5+ gxf3 27. Rxf3 a5 28. exd6 Bg5 29. Ba3 Nc2 30. Bc1 Nd4 31. Rf2 h3 32. Kh2 Rh8 33. Bxf4 Bxf4+ 34. Rxf4 Ne2 35. Rxf7 Kxd6 36. Rbxb7 Kc5 37. Rbc7+ 1-0

[Event "FRA-ch U14 Girls"]
[Site "Le Grand Bornand"]
[Date "2007.04.??"]
[Round "8"]
[White "Benac, Anais"]
[Black "Bertin, Cecile"]
[Result "1-0"]
[WhiteElo "1520"]
[BlackElo "1590"]
[PlyCount "54"]
[EventDate "2007.04.07"]
[EventType "swiss"]
[EventRounds "9"]
[EventCountry "FRA"]
[SourceTitle "CBM 118 Extra"]
[Source "ChessBase"]
[SourceDate "2007.07.04"]
[SourceVersion "1"]
[SourceVersionDate "2007.07.04"]
[SourceQuality "1"]

1. e4 c5 2. Nf3 Nc6 3. d4 cxd4 4. Nxd4 Nf6 5. Nc3 e5 6. Ndb5 d6 7. Nd5 Nxd5 8. exd5 Nb8 9. Bd3 a6 10. Nc3 Be7 11. 0-0 0-0 12. f4 f5 13. fxe5 dxe5 14. Bc4 b5 15. d6+ bxc4 16. dxe7 Qxe7 17. Qd5+ Qe6 18. Qxa8 Qb6+ 19. Be3 Qxe3+ 20. Kh1 Qb6 21. Qd5+ Kh8 22. Qxe5 Qxb2 23. Rab1 Nd7 24. Rxb2 Nxe5 25. Re1 Ng6 26. Rb8 Bd7 27. Rxf8+ Nxf8 1-0

[Event "FRA-ch U12 Girls"]
[Site "Aix les Bains"]
[Date "2006.??.??"]
[Round "8"]
[White "Caumontat, Charlotte"]
[Black "Bertin, Cecile"]
[Result "0-1"]
[WhiteElo "1360"]
[BlackElo "1650"]
[PlyCount "90"]
[EventDate "2006.04.16"]
[EventType "swiss"]
[EventRounds "9"]
[EventCountry "FRA"]
[SourceTitle "EXT 2007"]
[Source "ChessBase"]
[SourceDate "2006.11.23"]
[SourceVersion "1"]
[SourceVersionDate "2006.11.23"]
[SourceQuality "1"]

1. e4 c5 2. Nc3 e6 3. Nf3 d5 4. exd5 exd5 5. Bb5+ Bd7 6. Bxd7+ Qxd7 7. d4 Nf6 8. 0-0 Be7 9. Be3 cxd4 10. Nxd4 0-0 11. Qd2 Re8 12. Bh6 Ng4 13. Bf4 Bd6 14. Nxd5 Bxf4 15. Nxf4 Nc6 16. c3 Qd6 17. f3 Ne3 18. Nh3 Nxf1 19. Rxf1 Rad8 20. Rd1 Ne5 21. Qc2 Nc4 22. Ng5 g6 23. Qb3 Qe5 24. Qxc4 Qxg5 25. Qd3 Qd5 26. a4 Re5 27. Qb5 Qxb5 28. axb5 Rxb5 29. b4 Rb6 30. Ra1 Rc8 31. Ne2 Rd6 32. Rxa7 Re8 33. Kf2 Rd2 34. Rxb7 Rexe2+ 35. Kg3 Rxg2+ 36. Kf4 Rxh2 37. Rb8+ Kg7 38. b5 Rdg2 39. b6 Rh4+ 40. Ke5 Re2+ 41. Kd6 Rh5 42. Kc6 Re6+ 43. Kb7 Ra5 44. Ra8 Re7+ 45. Kc8 Rxa8# 0-1

[Event "FRA-ch U12 Girls"]
[Site "Aix les Bains"]
[Date "2006.??.??"]
[Round "2"]
[White "Nadarajah, Piruntha"]
[Black "Bertin, Cecile"]
[Result "0-1"]
[WhiteElo "1410"]
[BlackElo "1650"]
[PlyCount "124"]
[EventDate "2006.04.16"]
[EventType "swiss"]
[EventRounds "9"]
[EventCountry "FRA"]
[SourceTitle "EXT 2007"]
[Source "ChessBase"]
[SourceDate "2006.11.23"]
[SourceVersion "1"]
[SourceVersionDate "2006.11.23"]
[SourceQuality "1"]

1. e4 c5 2. Nc3 e6 3. Nf3 d5 4. Be2 Nc6 5. d4 Nf6 6. Bg5 Be7 7. Bxf6 Bxf6 8. dxc5 Qa5 9. 0-0 Qxc5 10. exd5 exd5 11. Nxd5 Bd8 12. Re1 0-0 13. a3 Qd6 14. Nc3 Qf6 15. Nd5 Qh6 16. Bd3 Bg4 17. Re4 f5 18. Rc4 Ne5 19. Rf4 Bg5 20. Rxg4 Nxf3+ 21. Qxf3 fxg4 22. Qxg4 Rae8 23. Bc4 Kh8 24. Nc7 Rf4 25. Qd7 Ref8 26. f3 Rxc4 27. Re1 Be3+ 28. Kh1 Rxc2 29. Ne6 Bf4 30. h3 Qg6 31. Rg1 Qf6 32. Nxf8 Qxf8 33. g3 Be3 34. Rf1 Rc1 35. Rxc1 Bxc1 36. f4 h6 37. Qxb7 Qe8 38. Qb4 Qe3 39. Qf8+ Kh7 40. Qf5+ Kg8 41. Qc8+ Kf7 42. Qc7+ Ke6 43. Qc6+ Kf5 44. Qd5+ Kg6 45. Qc6+ Kh7 46. Qc2+ Kg8 47. Qc4+ Kf8 48. Qb4+ Ke8 49. Qb8+ Kd7 50. Qb5+ Kc7 51. Qa5+ Kc6 52. Qa6+ Kd5 53. Qb7+ Kc4 54. Qb4+ Kd3 55. Qb3+ Ke4 56. Qb7+ Kd3 57. Qd7+ Ke2 58. Qb5+ Kf2 59. Qb4 Bd2 60. Qxd2+ Qxd2 61. h4 Qd5+ 62. Kh2 Qg2# 0-1

[Event "FRA-ch U12 Girls"]
[Site "Calvi"]
[Date "2005.04.22"]
[Round "7"]
[White "Bertin, Cecile"]
[Black "Lenoel, Marine"]
[Result "0-1"]
[WhiteElo "1180"]
[BlackElo "1580"]
[PlyCount "74"]
[EventDate "2005.04.??"]
[EventType "swiss"]
[EventRounds "9"]
[EventCountry "FRA"]
[SourceTitle "EXT 2006"]
[Source "ChessBase"]
[SourceDate "2005.11.24"]
[SourceVersion "1"]
[SourceVersionDate "2005.11.24"]
[SourceQuality "1"]

1. e4 e5 2. Nf3 Nc6 3. Nc3 Nf6 4. d4 exd4 5. Nxd4 Bc5 6. Be3 Qe7 7. Nf5 Qf8 8. Bxc5 Qxc5 9. Nxg7+ Kf8 10. Nf5 Nxe4 11. Nxe4 Qxf5 12. Bd3 Qe5 13. 0-0 Qxb2 14. Re1 Rg8 15. Qd2 Qg7 16. g3 d6 17. h4 Ne5 18. f4 Nf3+ 19. Kf2 Nxd2 20. Ng5 Rh8 21. Re2 Qxa1 22. Bb5 c6 23. Bd3 h6 24. Nh7+ Kg7 25. Rxd2 Rxh7 26. Bxh7 Kxh7 27. Rxd6 Qxa2 28. g4 Qxc2+ 29. Ke3 Qc5+ 30. Rd4 Bxg4 31. Ke4 Re8+ 32. Kd3 Be2+ 33. Kd2 Qxd4+ 34. Kc2 Re3 35. Kc1 Rc3+ 36. Kb2 Qb4+ 37. Ka2 Ra3# 0-1

[Event "FRA-chT U20 0304"]
[Site "France"]
[Date "2004.??.??"]
[Round "7"]
[White "Ane, Cedric"]
[Black "Bertin, Cecile"]
[Result "1/2-1/2"]
[WhiteElo "1009"]
[BlackElo "1230"]
[PlyCount "78"]
[EventDate "2003.11.??"]
[EventType "team"]
[EventRounds "11"]
[EventCountry "FRA"]
[SourceTitle "EXT 2005"]
[Source "ChessBase"]
[SourceDate "2004.11.15"]
[SourceVersion "1"]
[SourceVersionDate "2004.11.15"]
[SourceQuality "1"]
[WhiteTeam "Clichy"]
[BlackTeam "Agneaux Saint Lo"]
[WhiteTeamCountry "FRA"]
[BlackTeamCountry "FRA"]

1. e4 e5 2. Nf3 Nc6 3. Bc4 Bc5 4. d3 d6 5. h3 h6 6. Nc3 Nf6 7. a3 a6 8. b4 Bd4 9. Nxd4 Nxd4 10. Be3 b5 11. Ba2 Be6 12. Bxd4 exd4 13. Ne2 Bxa2 14. Rxa2 d5 15. f3 c6 16. 0-0 0-0 17. e5 Nh5 18. Nxd4 Qg5 19. Nxc6 Nf4 20. c3 Rac8 21. Nd4 Rxc3 22. Nb3 Rxd3 23. Qc2 Qxe5 24. Nc5 Qd4+ 25. Kh2 Rc3 26. Qb2 Nd3 27. Nxd3 Qxd3 28. Raa1 Rc2 29. Qb1 Re8 30. Ra2 Ree2 31. Rxc2 Rxc2 32. Rc1 Rd2 33. Qxd3 Rxd3 34. Ra1 d4 35. Kg1 Rb3 36. Ra2 d3 37. Kf2 Rc3 38. Ke1 Rc7 39. Kd2 Rd7 1/2-1/2

[Event "FRA-chT U20 0304"]
[Site "France"]
[Date "2003.11.23"]
[Round "3"]
[White "Bertin, Cecile"]
[Black "Estarellas, Thibault"]
[Result "0-1"]
[WhiteElo "1230"]
[BlackElo "1460"]
[PlyCount "68"]
[EventDate "2003.11.??"]
[EventType "team"]
[EventRounds "11"]
[EventCountry "FRA"]
[SourceTitle "EXT 2005"]
[Source "ChessBase"]
[SourceDate "2004.11.15"]
[SourceVersion "1"]
[SourceVersionDate "2004.11.15"]
[SourceQuality "1"]
[WhiteTeam "Agneaux Saint Lo"]
[BlackTeam "Niort"]
[WhiteTeamCountry "FRA"]
[BlackTeamCountry "FRA"]

1. e4 c5 2. c3 Nc6 3. Nf3 Nf6 4. e5 Ng4 5. Qe2 Qc7 6. d4 cxd4 7. cxd4 g6 8. Qe4 f5 9. Qd5 e6 10. Qc4 Bb4+ 11. Bd2 Qb6 12. Bxb4 Qxb4+ 13. Qxb4 Nxb4 14. Bb5 Nc2+ 15. Ke2 Nxa1 16. Nbd2 Nc2 17. Rc1 Nb4 18. Nc4 a6 19. Nd6+ Ke7 20. Nxc8+ Raxc8 21. Rxc8 Rxc8 22. Ba4 b5 23. Bc2 Rxc2+ 24. Nd2 Rxb2 25. a3 Nc2 26. a4 Nxd4+ 27. Ke1 bxa4 28. Nc4 Rc2 29. Na3 Rxf2 30. Nb1 Rxg2 31. Nd2 a3 32. Nc4 a2 33. Nd2 a1R+ 34. Nb1 Rxb1# 0-1

[Event "FRA-chT U20 0304"]
[Site "France"]
[Date "2003.11.23"]
[Round "3"]
[White "Estarellas, Thibault"]
[Black "Bertin, Cecile"]
[Result "0-1"]
[WhiteElo "1460"]
[BlackElo "1230"]
[PlyCount "36"]
[EventDate "2003.11.??"]
[EventType "team"]
[EventRounds "11"]
[EventCountry "FRA"]
[SourceTitle "EXT 2005"]
[Source "ChessBase"]
[SourceDate "2004.11.15"]
[SourceVersion "1"]
[SourceVersionDate "2004.11.15"]
[SourceQuality "1"]
[WhiteTeam "Niort"]
[BlackTeam "Agneaux Saint Lo"]
[WhiteTeamCountry "FRA"]
[BlackTeamCountry "FRA"]

1. e4 e6 2. d4 d5 3. e5 c5 4. Ne2 Nc6 5. Nbc3 Qb6 6. Be3 Bd7 7. Rb1 Nh6 8. Na4 Qa5+ 9. Nac3 Nf5 10. Qd3 Qb4 11. a3 Qb6 12. g4 Nfxd4 13. Bxd4 cxd4 14. Nxd4 Nxe5 15. Qd1 Bc5 16. Nce2 Nf3+ 17. Nxf3 Bxf2+ 18. Kd2 Qe3# 0-1

[Event "FRA-ch U08 Girls"]
[Site "Hyeres"]
[Date "2002.??.??"]
[Round "4.1"]
[White "Bertin, Cecile"]
[Black "Bottemanne, Alexandra"]
[Result "0-1"]
[WhiteElo "1060"]
[BlackElo "1490"]
[PlyCount "50"]
[EventDate "2002.04.05"]
[EventType "swiss"]
[EventRounds "9"]
[EventCountry "FRA"]
[SourceTitle "EXT 2003"]
[Source "ChessBase"]
[SourceDate "2002.11.25"]
[SourceVersion "1"]
[SourceVersionDate "2002.11.25"]
[SourceQuality "1"]

1. e4 e6 2. d4 d5 3. Nf3 dxe4 4. Ne5 Bd6 5. Nc4 Nc6 6. Nc3 Nf6 7. Nxd6+ cxd6 8. Bc4 e5 9. dxe5 Nxe5 10. Bb5+ Bd7 11. Bxd7+ Qxd7 12. Bg5 Nfg4 13. 0-0 e3 14. fxe3 0-0 15. Bh4 Nc4 16. Qd3 Ncxe3 17. Rf3 Rae8 18. Rf4 Re5 19. Re4 Qf5 20. Qxd6 Nxc2 21. Rc1 Qh5 22. Be7 Qxh2+ 23. Kf1 Nce3+ 24. Ke1 Qxg2 25. Bxf8 Qf2# 0-1

[Event "FRA-ch U08 Girls"]
[Site "Hyeres"]
[Date "2002.??.??"]
[Round "7.5"]
[White "Daadaa, Soha"]
[Black "Bertin, Cecile"]
[Result "1-0"]
[WhiteElo "1009"]
[BlackElo "1060"]
[PlyCount "83"]
[EventDate "2002.04.05"]
[EventType "swiss"]
[EventRounds "9"]
[EventCountry "FRA"]
[SourceTitle "EXT 2003"]
[Source "ChessBase"]
[SourceDate "2002.11.25"]
[SourceVersion "1"]
[SourceVersionDate "2002.11.25"]
[SourceQuality "1"]

1. d4 d5 2. Nf3 Nc6 3. c4 dxc4 4. e3 Bg4 5. Bxc4 e6 6. 0-0 Bd6 7. h3 Bf5 8. a3 Nge7 9. Nc3 Ng6 10. e4 Nh4 11. Nxh4 Qxh4 12. exf5 Nxd4 13. fxe6 Nxe6 14. Re1 Qxc4 15. Re4 Qc6 16. Nd5 f5 17. Nxc7+ Bxc7 18. Re1 Rd8 19. Qh5+ g6 20. Qe2 Bf4 21. Qxe6+ Qxe6 22. Rxe6+ Kf7 23. Re1 Rd7 24. Bxf4 Rg8 25. Re2 g5 26. Bd2 g4 27. hxg4 Rxg4 28. Ree1 Rxd2 29. Rac1 Rh4 30. Rc7+ Kf8 31. Rxb7 Rxb2 32. Rxb2 Kf7 33. Rc1 h5 34. Rc6 Re4 35. f3 Re5 36. Rb4 Ke7 37. Rb7+ Kd8 38. Rd6+ Kc8 39. Rdd7 Re8 40. Rxa7 Rd8 41. Rh7 h4 42. Ra8# 1-0

[Event "FRA-ch U08 Girls"]
[Site "Hyeres"]
[Date "2002.??.??"]
[Round "5.4"]
[White "Feller, Alice"]
[Black "Bertin, Cecile"]
[Result "0-1"]
[WhiteElo "1010"]
[BlackElo "1060"]
[PlyCount "100"]
[EventDate "2002.04.05"]
[EventType "swiss"]
[EventRounds "9"]
[EventCountry "FRA"]
[SourceTitle "EXT 2003"]
[Source "ChessBase"]
[SourceDate "2002.11.25"]
[SourceVersion "1"]
[SourceVersionDate "2002.11.25"]
[SourceQuality "1"]

1. e4 e5 2. Nf3 Nc6 3. Bc4 Bc5 4. Nc3 Nf6 5. d3 d6 6. Bg5 Bg4 7. Nd5 h6 8. Bh4 g5 9. Bg3 Nh5 10. Bxe5 dxe5 11. Bb3 Nd4 12. Bc4 Nxf3+ 13. gxf3 Bh3 14. Qd2 Nf6 15. 0-0-0 Nxd5 16. exd5 Qf6 17. Bb5+ c6 18. dxc6 bxc6 19. Ba4 Qxf3 20. Rde1 Bxf2 21. Rxe5+ Kd8 22. Qa5+ Kd7 23. Qa6 Qxh1+ 24. Kd2 Qxh2 25. Qxc6+ Kd8 26. Rd5+ Ke7 27. Qb7+ Ke6 28. Bd7+ Kf6 29. Qc6+ Ke7 30. Qb7 Qg1 31. Bc8+ Kf6 32. Qa6+ Ke7 33. Qd6+ Ke8 34. Bd7+ Kd8 35. Ba4+ Kc8 36. Qc6+ Kb8 37. Rb5+ Bb6 38. Bb3 Re8 39. Qxe8+ Kb7 40. Bd5+ Ka6 41. Qc6 Rc8 42. d4 Rxc6 43. Bxc6 Qxd4+ 44. Ke2 Qd6 45. a3 Qxc6 46. a4 g4 47. Ke1 Qg2 48. b4 g3 49. c4 f5 50. Kd1 Be3 0-1